000
00326nam a2200145Ia 4500
999
_c
5886
_d
5886
003
OSt
008
191201s2013 xx 000 0 und d
100
_a
SINGH, Parbin
245
0
_a
Civil Engineering Materials
250
_a
Rep
260
_a
N. delhi
_b
katson
_c
2013
300
_a
279
650
_a
B.Tech(CE)
942
_2
ddc
_c
BK